Math Vocabulary Words-B - Statistics

General Stats
  • This quiz has been taken 307 times
  • The average score is 5 of 10
Answer Stats
Hint Answer % Correct
second letter of the greek alphabet beta
95%
a number with 9 zeros billion
83%
a number that uses 0 and 1 binary number
77%
the bottom of a figure base
75%
cut into two congruent halves bisect
58%
a polynomial with two terms that are not alike binomial
51%
a graph drawn with rectangles to show how large a value is bar graph
46%
the symbol which { and } are used to indicate sets braces
27%
a type of data plot that displays the quartile and range of a data set box and whisker plot
20%
a conditional that can be written both as a conditional and a converse to be true biconditional
11%
No matching quizzes found
Score Distribution
Percent of People with Each Score
Percentile by Number Answered
Your Score History
You have not taken this quiz